Discursos leídos en la sesión inaugural del año académico de 1874-75 en la Academia Médico-Quirúrgica Española, verificada el 14 de marzo de 1875 / (Record no. 42453)

MARC details
000 -LEADER
campo de control de longitud fija 01107nam a2200241 i 4500
001 - NÚMERO DE CONTROL
campo de control 42453
003 - IDENTIFICADOR DE NÚMERO DE CONTROL
campo de control ES-MaACL
005 - FECHA Y HORA DE LA ÚLTIMA TRANSACCIÓN
campo de control 20230906160621.0
007 - CAMPO FIJO DE DESCRIPCIÓN FÍSICA--INFORMACIÓN GENERAL
campo de control de longitud fija t|
008 - DATOS DE LONGITUD FIJA--INFORMACIÓN GENERAL
campo de control de longitud fija 030328s1875 sp ||||1| spa d
100 1# - ENTRADA PRINCIPAL--NOMBRE DE PERSONA
Nombre de persona Diego, Francisco de.
9 (RLIN) 44544
245 10 - MENCIÓN DEL TÍTULO
Título Discursos leídos en la sesión inaugural del año académico de 1874-75 en la Academia Médico-Quirúrgica Española, verificada el 14 de marzo de 1875 /
Mención de responsabilidad, etc. por el secretario de actas de la misma Francisco de Diego y el académico de número Carlos María Cortezo.
260 ## - PUBLICACIÓN, DISTRIBUCIÓN, ETC.
Lugar de publicación, distribución, etc. Madrid :
Nombre del editor, distribuidor, etc. [s.n.],
Fecha de publicación, distribución, etc. 1875 (
Fabricante Berenguillo)
300 ## - DESCRIPCIÓN FÍSICA
Extensión 52 p. ;
Dimensiones 23 cm.
500 ## - NOTA GENERAL
Nota general Título del discurso de Cortezo: La diferenciación sensitiva.
530 ## - NOTA DISPONIBLE DE FORMULARIO FÍSICO ADICIONAL
Nota de formato físico adicional disponible Disponible también en sitio web.
650 #4 - PUNTO DE ACCESO ADICIONAL DE MATERIA--TÉRMINO DE MATERIA
Término de materia o nombre geográfico como elemento de entrada Viruela-
Subdivisión general Vacunación.
9 (RLIN) 136990
650 #4 - PUNTO DE ACCESO ADICIONAL DE MATERIA--TÉRMINO DE MATERIA
Término de materia o nombre geográfico como elemento de entrada Fisiología.
9 (RLIN) 136120
700 1# - ENTRADA AGREGADA--NOMBRE PERSONAL
Nombre de persona Cortezo, Carlos María.
9 (RLIN) 40920
710 2# - ENTRADA AGREGADA--NOMBRE DE ENTIDAD CORPORATIVA
Nombre de entidad corporativa o nombre de jurisdicción como elemento de entrada Academia Médico-Quirúrgica Española.
9 (RLIN) 1209
852 ## - LOCALIZACIÓN
Ubicación ES-MaACL
Número de control de estantería T-685-F-5
856 ## - LOCALIZACIÓN Y ACCESO ELECTRÓNICOS
Identificador Uniforme de Recursos <a href="http://bibliotecadigitalhispanica.bne.es:80/webclient/DeliveryManager?pid=1832895&custom_att_2=simple_viewer">http://bibliotecadigitalhispanica.bne.es:80/webclient/DeliveryManager?pid=1832895&custom_att_2=simple_viewer</a>
Nota pública Ir a la página
Holdings
Estatus retirado Estado de pérdida Estado de daño No para préstamo Colección Biblioteca de origen Biblioteca actual Ubicación en estantería Fecha de adquisición Fuente de adquisición Total de préstamos Signatura topográfica completa Código de barras Visto por última vez Precio de reemplazo Tipo de ítem Koha
        Colección de folletos Biblioteca del Ateneo de Madrid Biblioteca del Ateneo de Madrid Depósito folletos 17/01/2008     T-685-F-5 1044681 23/02/2023 23/02/2023 Folleto